000 00586nam a2200229Ia 4500
003 OSt
005 20220918174303.0
006 a|||||r|||| 00| 0
007 ta
008 220917b |||||||| |||| 00| 0 eng d
024 _a11,453
037 _cTextual
040 _aARTS
_cARTS
_beng
041 _2eng
_aeng
082 _aM8wM25, J5
100 _aSaunders Edith
_949867
245 0 _aAge of worth
_b couturier to the empress Eugenie
260 _c1955
650 _aINDUSTRIAL ARTS
942 _hM8wM25, J5
_cTEXL
_2CC
999 _c152552
_d152552